Top Lychee Producing Countries - Statistics

General Stats
  • This quiz has been taken 59 times
  • The average score is 6 of 9
Answer Stats
Tons/Year Answer % Correct
200,000 China
100%
90,000 India
93%
10,000 Thailand
88%
500 United States
79%
2,000 Australia
77%
131,000 Taiwan
68%
8,000 South Africa
45%
50,000 Madagascar
25%
1,000 Mauritius
13%
No matching quizzes found
Score Distribution
Percent of People with Each Score
Percentile by Number Answered
Your Score History
You have not taken this quiz